Statistics for Spanish Words A-Z

Click here to take the quiz!

General Stats

  • This quiz has been taken 238 times
  • The average score is 21 of 25

Answer Stats

LetterDefinitionWord% Correct
AGoodbyeAdiós
98%
HHelloHola
98%
GThank youGracias
97%
UOneUno
97%
QWhatQué
96%
CHouseCasa
94%
FPartyFiesta
94%
OEightOcho
94%
BGoodBueno
92%
DWhereDónde
92%
YIYo
92%
MMomentMomento
91%
NChildNiño
89%
SMissSeñorita
86%
TTelephoneTeléfono
85%
ZShoeZapato
85%
RRiverRío
83%
EElephantElefante
77%
JBossJefe
74%
VCowVaca
73%
LTo callLlamar
68%
PSoonPronto
61%
KKilometerKilómetro
60%
IIndependentIndependiente
47%
XXylophoneXilófono
34%

Score Distribution

Percentile by Number Answered

Percent of People with Each Score

Your Score History

You have not taken this quiz